[Event "Niedersachsen-ch U16"]
[Site "Hambuehren"]
[Date "2002.??.??"]
[Round "4"]
[White "Eusemann, Patrick"]
[Black "Drache, Georg Marcus"]
[Result "0-1"]
[WhiteElo "1320"]
[BlackElo "1507"]
[PlyCount "60"]
[EventDate "2002.03.??"]
[EventType "swiss"]
[EventRounds "7"]
[EventCountry "GER"]
[SourceTitle "EXT 2003"]
[Source "ChessBase"]
[SourceDate "2002.11.25"]
[SourceVersion "1"]
[SourceVersionDate "2002.11.25"]
[SourceQuality "1"]

1. e4 e6 2. d4 d5 3. e5 c5 4. c3 Nc6 5. Nf3 Qb6 6. Be2 Nge7 7. Na3 Nf5 8. Nc2 cxd4 9. cxd4 Bd7 10. 0-0 Rc8 11. b3 Be7 12. h3 Nb4 13. Nxb4 Bxb4 14. a3 Bc3 15. Rb1 Nxd4 16. Nxd4 Bxd4 17. Bb2 Bxb2 18. Rxb2 Bb5 19. b4 0-0 20. Qd2 Bxe2 21. Qxe2 Rc3 22. a4 Rc4 23. Rfb1 Rfc8 24. Rb3 Re4 25. Qd2 Rxe5 26. Qb2 Re4 27. Rg3 Qd4 28. Rc1 Re1+ 29. Kh2 Rcxc1 30. Qxd4 Rh1# 0-1

[Event "Niedersachsen-ch U16"]
[Site "Hambuehren"]
[Date "2002.??.??"]
[Round "7"]
[White "Jakobeit, David"]
[Black "Eusemann, Patrick"]
[Result "1-0"]
[WhiteElo "1767"]
[BlackElo "1320"]
[PlyCount "23"]
[EventDate "2002.03.??"]
[EventType "swiss"]
[EventRounds "7"]
[EventCountry "GER"]
[SourceTitle "EXT 2003"]
[Source "ChessBase"]
[SourceDate "2002.11.25"]
[SourceVersion "1"]
[SourceVersionDate "2002.11.25"]
[SourceQuality "1"]

1. e4 d6 2. d4 Nf6 3. Nc3 g6 4. f4 Bg7 5. Nf3 0-0 6. Bd3 c5 7. dxc5 dxc5 8. 0-0 Qc7 9. e5 Nfd7 10. Be3 b6 11. Nd5 Qb7 12. Be4 1-0

[Event "Niedersachsen-ch U16"]
[Site "Hambuehren"]
[Date "2002.??.??"]
[Round "3"]
[White "Schmidt, Benjamin"]
[Black "Eusemann, Patrick"]
[Result "1-0"]
[WhiteElo "1488"]
[BlackElo "1320"]
[PlyCount "49"]
[EventDate "2002.03.??"]
[EventType "swiss"]
[EventRounds "7"]
[EventCountry "GER"]
[SourceTitle "EXT 2003"]
[Source "ChessBase"]
[SourceDate "2002.11.25"]
[SourceVersion "1"]
[SourceVersionDate "2002.11.25"]
[SourceQuality "1"]

1. c4 Nf6 2. g3 g6 3. Bg2 Bg7 4. Nc3 d6 5. Nf3 c5 6. 0-0 0-0 7. d4 Nbd7 8. e4 Rb8 9. Be3 b6 10. Qa4 a6 11. Bf4 Bb7 12. e5 dxe5 13. dxe5 Nh5 14. Rfd1 Nxf4 15. gxf4 b5 16. cxb5 axb5 17. Qc2 Qc8 18. Nxb5 Bxf3 19. Bxf3 Rxb5 20. Qa4 Rxb2 21. Qxd7 Qxd7 22. Rxd7 e6 23. Rc7 Rb5 24. Rc1 Ra8 25. Bxa8 1-0

[Event "Niedersachsen-chT U16"]
[Site "Verden"]
[Date "2001.05.25"]
[Round "3.4"]
[White "Eusemann, Patrick"]
[Black "Frantz, Kai"]
[Result "1-0"]
[WhiteElo "1261"]
[BlackElo "1124"]
[PlyCount "120"]
[EventDate "2001.05.??"]
[EventType "team"]
[EventRounds "7"]
[EventCountry "GER"]
[SourceTitle "EXT 2003"]
[Source "ChessBase"]
[SourceDate "2002.11.25"]
[SourceVersion "1"]
[SourceVersionDate "2002.11.25"]
[SourceQuality "1"]

1. e4 e5 2. Nf3 Nc6 3. Bb5 Bc5 4. 0-0 Nf6 5. Re1 d6 6. c3 Bg4 7. h3 Bh5 8. d4 Bxf3 9. gxf3 exd4 10. cxd4 Bb4 11. Nc3 0-0 12. Bg5 a6 13. Ba4 b5 14. Bc2 Re8 15. Kh2 Na7 16. Rg1 g6 17. f4 Bxc3 18. bxc3 Nc6 19. e5 dxe5 20. fxe5 Nxe5 21. dxe5 Qxd1 22. Raxd1 Nh5 23. f4 Kg7 24. Rd7 h6 25. Bh4 Nxf4 26. Bg3 Ne2 27. Rg2 Nxc3 28. Bb3 Rf8 29. Rxc7 Ne4 30. e6 Ng5 31. e7 Rfe8 32. Be5+ f6 33. Bc3 Ne4 34. Bb4 a5 35. Bd5 axb4 36. Bxe4 Rac8 37. Rxc8 Rxc8 38. Rxg6+ Kf7 39. e8Q+ Rxe8 40. Bd3 Re3 41. Rg3 Re5 42. Kg2 Ke6 43. Kf2 Rd5 44. Re3+ Kd6 45. Ke2 Rh5 46. Rf3 Kc6 47. Rxf6+ Kc5 48. Rf5+ Rxf5 49. Bxf5 Kd4 50. Kf3 Kc3 51. Be6 b3 52. Bxb3 b4 53. Kf4 Kd4 54. Kf5 Kc5 55. Kg6 Kd6 56. Kxh6 Ke5 57. Kg6 Kf4 58. h4 Ke3 59. h5 Kd3 60. h6 Kc3 1-0

[Event "Niedersachsen-chT U16"]
[Site "Verden"]
[Date "2001.05.25"]
[Round "4.4"]
[White "Mueller, Sven"]
[Black "Eusemann, Patrick"]
[Result "0-1"]
[WhiteElo "1037"]
[BlackElo "1261"]
[PlyCount "56"]
[EventDate "2001.05.??"]
[EventType "team"]
[EventRounds "7"]
[EventCountry "GER"]
[SourceTitle "EXT 2003"]
[Source "ChessBase"]
[SourceDate "2002.11.25"]
[SourceVersion "1"]
[SourceVersionDate "2002.11.25"]
[SourceQuality "1"]

1. d4 Nf6 2. c4 c5 3. d5 b5 4. cxb5 a6 5. Nc3 axb5 6. Nxb5 Ba6 7. Nc3 d6 8. Nf3 g6 9. g3 Bg7 10. Bg2 0-0 11. 0-0 Nbd7 12. Re1 Qc7 13. Bd2 Rfb8 14. Rb1 Bc4 15. b3 Bxd5 16. Nxd5 Nxd5 17. a4 Nb4 18. Bxb4 Rxb4 19. Nd2 Rab8 20. Qc2 Ne5 21. f4 Nc6 22. Bxc6 Qxc6 23. e4 Qb6 24. Kg2 Bh6 25. Kf3 e5 26. Re3 Qd8 27. Rf1 exf4 28. gxf4 Qh4 0-1